000 00697nam a2200253Ia 4500
003 OSt
005 20221007080034.0
006 a|||||r|||| 00| 0
007 ta
008 221006b |||||||| |||| 00| 0 eng d
024 _a39,177
037 _cTextual
040 _aFLL
_cFLL
_beng
041 _2eng
_aeng
082 _aV6.N, Q3
100 _aYaruingam A.S. Ed.
245 0 _aInside Africa
_b contemporary perspectives
250 _a1st Pub.
260 _aNew Delhi
_bShipra Publications India
_c2013
300 _axii,300p
_ccm.
700 _a Kapoor Rashmi
_9537165
942 _hV6.N, Q3
_cTEXL
_2CC
999 _c1158180
_d1158180